Name the College Football Team: CAA - Statistics

General Stats
  • This quiz has been taken 31 times
  • The average score is 12 of 16
Answer Stats
Picture Answer % Correct
Villanova
100%
Rhode Island
89%
Richmond
89%
Delaware
86%
William & Mary
86%
Albany
79%
Elon
71%
Maine
71%
Monmouth
71%
Campbell
68%
North Carolina A&T
68%
Stony Brook
68%
Bryant
64%
Hampton
64%
New Hampshire
64%
Towson
64%
No matching quizzes found
Score Distribution
Percent of People with Each Score
Percentile by Number Answered
Your Score History
You have not taken this quiz